00601 2200193 4500001002100000005001500021035002000036007000300056008003900059082000800098084001400106100001500120245008800135260006900223300004100292650001100333650005000344022001300394INLIS00000000000124720250318101329 a0010-0325000009ta250318 | | |  a630 a630 ZHI a0 aZhihong Xu1 aA scoping review on technology applications in agricultural extension /cZhihong Xu aUnited States, San Francisco :bPublic Library of Science,c2023 a1-18 hlm, :bIlus ;c21 cm x 29,7 cm 4aJurnal 4aaplikasi teknologi dalam penyuluhan pertanian a19326203